The new first reader

Kaydedildi:
Detaylı Bibliyografya
Yazar: Gilmour, Richard (Yazar)
Materyal Türü: Kitap
Dil:İngilizce
Baskı/Yayın Bilgisi: Nueva York Benziger Brothers 1898
Seri Bilgileri:The Catholic National Series
Konular:
Etiketler: Etiketle
Etiket eklenmemiş, İlk siz ekleyin!

MARC

LEADER 00000nam a2200000 a 4500
001 UCI6056
003 CL-VaPUC
008 080418e18980000US |||||||||||||||||eng|d
082 0 4 |a 372.65  |b GIL  |2 21 
100 |a Gilmour, Richard  |e author  |9 583057 
245 1 4 |a The new first reader 
300 |a 96 p 
942 |c BK 
945 |d 20080418 00:00:00  |a rbrito 
260 |a Nueva York  |b Benziger Brothers  |c 1898 
500 |a Donación Padres Capuchinos 
650 0 |a Enseñanza del inglés  |9 367340 
650 0 |a Enseñanza de idiomas  |9 339820 
650 0 |a Inglés  |9 260023 
583 |a last modification  |c 20170823 05:12:00  |k Rodrigo Vera 
490 0 |a The Catholic National Series 
999 |c 329659  |d 329657 
952 |0 0  |1 0  |4 0  |6 372_650000000000000_GIL_1898  |7 0  |8 X  |9 414644  |a FDOBUD  |b FDOBUD  |d 2019-11-22  |i 4408284  |o 372.65 GIL 1898  |p 4408284  |r 2019-11-22  |w 2019-11-22  |y BK_X  |k BUD